000 00386nam a2200169 4500
005 20260212142811.0
008 CU66
020 _a0826453880
050 _aHF5549COL
100 _aG.A. COLE
245 _aPERSONAL MANAGEMENT
_bTHEORY AND PRACTICE
250 _a4TH
260 _aLONDON
_bCONTINUM
_c1986
300 _aXII,410p.
500 _aAPPENDIX,BIBS.,INDEX
942 _2lcc
_cBK
_n0
999 _c8680
_d8680